ՀՀ Գիտությունների ազգային ակադեմիայի հիմնարար գիտական գրադարան  =   Fundamental Scientific Library of NAS RA

Канун освобождения : (Record no. 538027)

MARC details
000 -LEADER
fixed length control field 01202nam a22002297a 4500
003 - CONTROL NUMBER IDENTIFIER
control field AM-YEHGA
005 - DATE AND TIME OF LATEST TRANSACTION
control field 20251111154517.0
008 - FIXED-LENGTH DATA ELEMENTS--GENERAL INFORMATION
fixed length control field 180222s1916 ru |||||r|||||001|0|rus||
040 ## - CATALOGING SOURCE
Original cataloging agency AM-YEHGA
041 0# - LANGUAGE CODE
Language code of text/sound track or separate title rus
001 - CONTROL NUMBER
control field 1285803
100 1# - MAIN ENTRY--PERSONAL NAME
Personal name Котляревский, Нестор Александрович
245 10 - TITLE STATEMENT
Title Канун освобождения :
Remainder of title 1855-1861 : Из жизни идей и настроений в радикальных кругах того времени /
Statement of responsibility, etc. [Соч.] Нестора Котляревского.
260 ## - PUBLICATION, DISTRIBUTION, ETC.
Place of publication, distribution, etc. Петроград :
Name of publisher, distributor, etc. Тип. М.М. Стасюлевича,
Date of publication, distribution, etc. 1916.
300 ## - PHYSICAL DESCRIPTION
Extent XII, 560 с. :
Dimensions 23 см.
504 ## - BIBLIOGRAPHY, ETC. NOTE
Bibliography, etc. note Библиогр. в примеч.
650 14 - SUBJECT ADDED ENTRY--TOPICAL TERM
Topical term or geographic name entry element История России
650 14 - SUBJECT ADDED ENTRY--TOPICAL TERM
Topical term or geographic name entry element Классовая борьба. Общественно-политические движения
Chronological subdivision 1860-х- нач. 1890-х гг.
Geographic subdivision Россия
650 14 - SUBJECT ADDED ENTRY--TOPICAL TERM
Topical term or geographic name entry element Революционно-демократическое движение
Chronological subdivision 1860-х- нач. 1890-х гг.
Geographic subdivision Россия
650 14 - SUBJECT ADDED ENTRY--TOPICAL TERM
Topical term or geographic name entry element Революционное народничество
Chronological subdivision 1860-х- нач. 1890-х гг.
Geographic subdivision Россия
942 ## - ADDED ENTRY ELEMENTS (KOHA)
Source of classification or shelving scheme Universal Decimal Classification
Koha item type Գրքեր / Books
Holdings
Withdrawn status Lost status Damaged status Not for loan Collection Home library Current library Date acquired Total checkouts Full call number Barcode Date last seen Price effective from Koha item type Public note
        Kusikian Individual Collection Fundamental Scientific Library Fundamental Scientific Library 23/10/2025   Кус/5023 FL0698929 23/10/2025 23/10/2025 Գրքեր / Books Ill Non-Circ


ՀՀ ԳԱԱ հիմնարար գիտական գրադարան
ՀՀ,Երևան 0019
Մարշալ Բաղրամյան 24/6
հեռախոս:(374-10) 52-47-50
Հետադարձ կապ

All site content, except where otherwise noted, is licensed under a
Creative Commons License